Tahafot al-falasifat /
Main Author:
Other Authors:
Format: Book
Language: Arabic
Published:
Beyrouth :
Imprimerie Catholique,
1927.
Series:
Bibliotheca Arabica scholasticorm. Serie arabe ;
2.
Subjects:
Tags: Add Tag
Call Number: B753 .G33 T46 1927
| LEADER | 01233namaa2200253 4500 | ||
|---|---|---|---|
| 001 | 11802 | ||
| 003 | OSt | ||
| 005 | 20250226141128.0 | ||
| 008 | 130303s1927 le 000 0 ara d | ||
| 040 | |c ARCE Library | ||
| 050 | 4 | |a B753 .G33 T46 1927 | |
| 100 | 0 | |6 880-01 |a Ġhazzālī, |d 1058-1111, |e author | |
| 245 | 1 | 0 | |6 880-02 |a Tahafot al-falasifat / |c Algazel ; texte arabe établi et accompagné d'un sommaire latin et d'index par Maurice Bouyges. |
| 264 | 1 | |a Beyrouth : |b Imprimerie Catholique, |c 1927. | |
| 300 | |a xxix, 446 pages ; |c 25 cm. | ||
| 490 | 0 | |a Bibliotheca Arabica scholasticorm. Serie arabe ; |v 2. | |
| 500 | |a At head of title-page : Algazel. | ||
| 650 | 0 | |a Islam and philosophy. | |
| 700 | 1 | |a Bouyges, Maurice. |9 27152 | |
| 880 | 0 | |6 100-01/(3/r |a غزالي، |d 1058-1111. | |
| 880 | 1 | 0 | |6 245-02/(3/r |a تهافت الفلاسفة |c الغزالي ؛ النص العربي بقلم موريس بويج. |
| 901 | |a reviewed | ||
| 942 | |c BK |2 lcc | ||
| 999 | |c 19897 |d 19897 | ||
